Research in Farming Systems (Record no. 14228)
[ view plain ]
| 000 -LEADER | |
|---|---|
| fixed length control field | 00295nam a22001217a 4500 |
| 020 ## - INTERNATIONAL STANDARD BOOK NUMBER | |
| ISBN | 8170194938 |
| 082 ## - DEWEY DECIMAL CLASSIFICATION NUMBER | |
| Classification number | 631.5841 |
| Item number | GAN/RE |
| 100 ## - MAIN ENTRY--AUTHOR NAME | |
| Personal name | Gangwar. B |
| 245 ## - TITLE STATEMENT | |
| Title | Research in Farming Systems |
| 260 ## - PUBLICATION, DISTRIBUTION, ETC. (IMPRINT) | |
| Name of publisher | Today & Tomorrow's Printers and Publishers |
| Year of publication | 2014 |
| 300 ## - PHYSICAL DESCRIPTION | |
| Number of Pages | 584 |
| 942 ## - ADDED ENTRY ELEMENTS (KOHA) | |
| Koha item type | Books |
| Withdrawn status | Lost status | Damaged status | Collection code | Home library | Current library | Shelving location | Date acquired | Source of acquisition | Cost, normal purchase price | Full call number | Accession Number | Koha item type |
|---|---|---|---|---|---|---|---|---|---|---|---|---|
| KAUAET | KAUAET | General Stacks | 06/06/2016 | Southern Book Centre Tvm | 3995.00 | 631.5841 GAN/RE | 24919 | Books |
